The Hindus : an alternative history (Record no. 22624)

MARC details
000 -LEADER
fixed length control field 00516cam a22001934a 4500
020 ## - INTERNATIONAL STANDARD BOOK NUMBER
ISBN 9780670020317
082 00 - DEWEY DECIMAL CLASSIFICATION NUMBER
Classification number 294.5
Author Cutter DON
100 1# - MAIN ENTRY--AUTHOR NAME
Author name Doniger, Wendy.
245 14 - TITLE STATEMENT
Title The Hindus : an alternative history
260 ## - PUBLICATION, DISTRIBUTION, ETC. (IMPRINT)
Place of publication New York :
Name of publisher Penguin Press,
Year of publication c2009.
300 ## - PHYSICAL DESCRIPTION
Number of Pages 779 p. :
Other physical details ill., maps ;
650 #0 - SUBJECT ADDED ENTRY--TOPICAL TERM
Topical Term Hinduism
650 #0 - SUBJECT ADDED ENTRY--TOPICAL TERM
Topical Term Women in Hinduism
650 #0 - SUBJECT ADDED ENTRY--TOPICAL TERM
Topical Term Pariahs in Hinduism
650 #0 - SUBJECT ADDED ENTRY--TOPICAL TERM
Topical Term Hinduism
856 41 - ELECTRONIC LOCATION AND ACCESS
Uniform Resource Identifier http://www.loc.gov/catdir/toc/ecip0828/2008041030.html
942 ## - ADDED ENTRY ELEMENTS (KOHA)
Koha item type Books

No items available.

                   Copyright © 2026 | Henry Martyn Institute | Hyderabad | TS-500052 | INDIA | Implemented by hmi.edu.in
Hit-Count:

Powered by Koha